000
00203nam a2200097Ia 4500
008
240331s9999 xx 000 0 und d
082
_b
GAN
100
_a
Ganesalimgam, S
245
0
_a
Adaippugal
942
_c
L
999
_c
3738
_d
3738